[Event "Bamberg op 2nd"]
[Site "Bamberg"]
[Date "2019.05.30"]
[Round "2"]
[White "Stauch, Edgar"]
[Black "Hausmann, Kai"]
[Result "1-0"]
[WhiteElo "2207"]
[BlackElo "2057"]
[PlyCount "51"]
[EventDate "2019.05.29"]
[EventType "swiss"]
[EventRounds "7"]
[EventCountry "GER"]
[SourceTitle "CBM 190 Extra"]
[Source "ChessBase"]
[SourceDate "2019.07.15"]
[SourceVersion "1"]
[SourceVersionDate "2019.07.15"]
[SourceQuality "1"]

1. c4 Nf6 2. g3 g6 3. Bg2 Bg7 4. Nc3 c5 5. Nf3 Nc6 6. d4 0-0 7. d5 Nb8 8. 0-0 d6 9. e4 b5 10. cxb5 a6 11. bxa6 Rxa6 12. h3 Nbd7 13. Re1 Bb7 14. Nd2 Nb6 15. Bf1 Nfd7 16. a4 Qa8 17. Bxa6 Bxa6 18. a5 Nc8 19. Nf3 Qb7 20. Ra3 Na7 21. Rb3 Qc7 22. Bg5 c4 23. Rb4 Nc5 24. Rb6 Nc8 25. Rc6 Qd7 26. Be3 1-0

[Event "Oberbayern Bezirksliga 1617"]
[Site "Germany"]
[Date "2017.02.05"]
[Round "5.7"]
[White "Hausmann, Kai"]
[Black "Wehr, Stephan"]
[Result "1-0"]
[WhiteElo "1968"]
[BlackElo "1979"]
[PlyCount "109"]
[EventDate "2016.10.16"]
[EventType "team-tourn"]
[EventRounds "9"]
[EventCountry "GER"]
[SourceTitle "EXT 2019"]
[Source "ChessBase"]
[SourceDate "2018.10.10"]
[SourceVersion "1"]
[SourceVersionDate "2018.10.10"]
[SourceQuality "1"]
[WhiteTeam "Ingolstadt"]
[BlackTeam "Starnberg"]
[WhiteTeamCountry "GER"]
[BlackTeamCountry "GER"]

1. d4 Nf6 2. Nf3 e6 3. e3 b6 4. Nbd2 Bb7 5. Bd3 Be7 6. 0-0 0-0 7. b3 c5 8. Bb2 d6 9. Qe2 Nbd7 10. Rfd1 Qc7 11. c4 Rfe8 12. Rac1 Rac8 13. Bb1 Qb8 14. e4 cxd4 15. Nxd4 Qa8 16. f3 a6 17. Nf1 Bf8 18. Nc2 Qb8 19. Kh1 Nh5 20. Ne1 Bc6 21. Nd3 Ne5 22. Qe3 Nxd3 23. Bxd3 e5 24. Nd2 Nf4 25. Bf1 Qb7 26. Nb1 g6 27. Nc3 Ne6 28. Nd5 Bxd5 29. Rxd5 Be7 30. Rcd1 Rc6 31. g3 Rf8 32. f4 exf4 33. gxf4 Nc7 34. R5d2 Rc5 35. Bg2 Qc8 36. Ba3 Ra5 37. Bb4 Rh5 38. Bxd6 Bxd6 39. Rxd6 b5 40. c5 Ne8 41. R6d5 Nf6 42. Rxh5 Nxh5 43. Bh3 Qc7 44. e5 Rd8 45. Rd6 Re8 46. c6 f5 47. Qd2 Qb6 48. Bg2 Qc5 49. Qd5+ Qxd5 50. Bxd5+ Kf8 51. c7 Nxf4 52. Rf6+ Kg7 53. Rf7+ Kh6 54. Bc6 Rxe5 55. Kg1 1-0

[Event "Oberbayern Bezirksliga 1617"]
[Site "Germany"]
[Date "2016.12.04"]
[Round "3.8"]
[White "Loreth, Viktor"]
[Black "Hausmann, Kai"]
[Result "0-1"]
[WhiteElo "1891"]
[BlackElo "1968"]
[PlyCount "32"]
[EventDate "2016.10.16"]
[EventType "team-tourn"]
[EventRounds "9"]
[EventCountry "GER"]
[SourceTitle "EXT 2019"]
[Source "ChessBase"]
[SourceDate "2018.10.10"]
[SourceVersion "1"]
[SourceVersionDate "2018.10.10"]
[SourceQuality "1"]
[WhiteTeam "Freilassing"]
[BlackTeam "Ingolstadt"]
[WhiteTeamCountry "GER"]
[BlackTeamCountry "GER"]

1. e4 e6 2. d4 d5 3. Nc3 Nf6 4. Bg5 Be7 5. e5 Nfd7 6. Bxe7 Qxe7 7. Qg4 0-0 8. Bd3 f5 9. Qf4 a6 10. Nf3 c5 11. g4 cxd4 12. Qxd4 Nc6 13. Nxd5 exd5 14. Qxd5+ Kh8 15. 0-0-0 Ndxe5 16. Rhe1 Be6 0-1

[Event "Oberbayern Bezirksliga 1617"]
[Site "Germany"]
[Date "2016.10.16"]
[Round "1.8"]
[White "Hausmann, Kai"]
[Black "Baron, Marek"]
[Result "1/2-1/2"]
[WhiteElo "1968"]
[BlackElo "1906"]
[PlyCount "65"]
[EventDate "2016.10.16"]
[EventType "team-tourn"]
[EventRounds "9"]
[EventCountry "GER"]
[SourceTitle "EXT 2019"]
[Source "ChessBase"]
[SourceDate "2018.10.10"]
[SourceVersion "1"]
[SourceVersionDate "2018.10.10"]
[SourceQuality "1"]
[WhiteTeam "Ingolstadt"]
[BlackTeam "Waldkraiburg"]
[WhiteTeamCountry "GER"]
[BlackTeamCountry "GER"]

1. d4 d5 2. Nf3 Nf6 3. Bf4 c6 4. e3 Bg4 5. Be2 e6 6. c3 Bd6 7. Ne5 Bxe2 8. Qxe2 0-0 9. Nd2 Qc7 10. 0-0 Nfd7 11. Nd3 e5 12. dxe5 Nxe5 13. Nxe5 Bxe5 14. Bxe5 Qxe5 15. Nf3 Qe7 16. c4 dxc4 17. Qxc4 Nd7 18. Rfd1 Nb6 19. Qc2 Rfd8 20. Nd4 g6 21. Nb3 Rxd1+ 22. Rxd1 Rd8 23. Rxd8+ Qxd8 24. Nc5 Qe7 25. b4 Nd5 26. a3 Qf6 27. Nb3 Qe5 28. h3 Ne7 29. Nd4 b6 30. Nxc6 Nxc6 31. Qxc6 Qa1+ 32. Kh2 Qxa3 33. Qe8+ 1/2-1/2